|
|
|
|
| LEADER |
01649nam a2200505 4500 |
| 001 |
DLU100107809 |
| 005 |
##20100519 |
| 008 |
##750714c19249999miumr p b 0 a0eng c |
| 010 |
# |
# |
|a 27010044
|
| 022 |
# |
# |
|a 0021-9738
|l 0021-9738
|2 1
|
| 030 |
# |
# |
|a JCINAO
|
| 032 |
# |
# |
|a 278940
|b USPS
|
| 035 |
# |
# |
|a (OCoLC)ocm01445593
|
| 040 |
# |
# |
|a DLC
|c DLU
|d DLU
|
| 041 |
# |
# |
|a eng
|
| 060 |
# |
# |
|a W1
|b JO588H
|
| 070 |
# |
# |
|a 448.8
|b J8295
|
| 072 |
# |
# |
|a X380
|
| 210 |
# |
# |
|a J. clin. invest.
|
| 222 |
# |
# |
|a The Journal of clinical investigation
|
| 245 |
# |
# |
|a The journal of clinical investigation.
|
| 246 |
# |
# |
|a JCI
|
| 260 |
# |
# |
|a New York, N.Y. :
|b American Society for Clinical Investigation
|
| 300 |
# |
# |
|a v. :
|b ill. ;
|c 26 cm.
|
| 310 |
# |
# |
|a Monthly,
|b 2005-
|
| 321 |
# |
# |
|a Bimonthly,
|b 1924-
|
| 321 |
# |
# |
|a Monthly,
|b <Sept. 1977>-1995
|
| 321 |
# |
# |
|a Semimonthly,
|b 1996-2004
|
| 362 |
# |
# |
|a Vol. 1 (Oct. 1924)-
|
| 500 |
# |
# |
|a Editor: 1924-<Aug. 1926> G.C. Robinson.
|
| 500 |
# |
# |
|a Latest issue consulted: Vol. 115, no. 2 (Feb. 2005).
|
| 580 |
# |
# |
|a Abstracts for meetings of the American Society for Clinical Investigation continued in: Clinical research.
|
| 650 |
# |
# |
|a Medicine, Experimental
|v Periodicals.
|
| 650 |
# |
# |
|a Medicine
|v Periodicals.
|
| 700 |
# |
# |
|a Robinson, George Canby,
|d 1878-1960.
|
| 710 |
# |
# |
|a American Society for Clinical Investigation.
|
| 776 |
# |
# |
|t Journal of clinical investigation (Online)
|x 1558-8238
|w (DLC) 2005214318
|w (OCoLC)44430060
|
| 994 |
# |
# |
|a DLU
|
| 900 |
# |
# |
|a True
|
| 911 |
# |
# |
|a Trương Bảo Trâm Anh
|
| 925 |
# |
# |
|a G
|
| 926 |
# |
# |
|a A
|
| 927 |
# |
# |
|a TT
|
| 980 |
# |
# |
|a Thư viện Trường Đại học Đà Lạt
|